Time Rememberd: (Record no. 4993)
[ view plain ]
| 000 -LEADER | |
|---|---|
| fixed length control field | 01409nac a22002651u 4500 |
| 006 - FIXED-LENGTH DATA ELEMENTS--ADDITIONAL MATERIAL CHARACTERISTICS--GENERAL INFORMATION | |
| fixed length control field | a|||||s|||| 000 0 |
| 008 - FIXED-LENGTH DATA ELEMENTS--GENERAL INFORMATION | |
| fixed length control field | 100519t xxu||||| |||| 00| 0 eng d |
| 082 ## - DEWEY DECIMAL CLASSIFICATION NUMBER | |
| Classification number | 787.87 |
| Edition number | 22 |
| Item number | EVA |
| 100 ## - MAIN ENTRY--PERSONAL NAME | |
| Personal name | Evans, Bill |
| 9 (RLIN) | 14156 |
| 240 ## - UNIFORM TITLE | |
| Uniform title | <a href="Selections">Selections</a> |
| 245 ## - TITLE STATEMENT | |
| Title | Time Rememberd: |
| Remainder of title | John McLaughlin plays Bill Evans / |
| Statement of responsibility, etc | John McLaughlin, Bill Evans, Aighetta Quartet and Yan Maresz |
| 246 ## - VARYING FORM OF TITLE | |
| Title proper/short title | John McLaughlin plays Bill Evans |
| 260 ## - PUBLICATION, DISTRIBUTION, ETC. (IMPRINT) | |
| Place of publication, distribution, etc | New York: |
| Name of publisher, distributor, etc | Polydor/PolyGram S.A. France, 1993 |
| Date of publication, distribution, etc | 1993 |
| 300 ## - PHYSICAL DESCRIPTION | |
| Extent | 1 sound disc : |
| Other physical details | digital ; |
| Dimensions | 4 3/4 in. |
| 500 ## - GENERAL NOTE | |
| General note | All compositions by Bill Evans, except Homage by John McLaughlin |
| 500 ## - GENERAL NOTE | |
| General note | Recorded at Regson Studio, Milan, Italy, Mar. 25-28, 1993 |
| 505 ## - FORMATTED CONTENTS NOTE | |
| Formatted contents note | Prologue -- Very early -- Only child -- Waltz for Debby -- Homage -- My bells -- Time remembered -- Song for Helen -- Turn out the stars -- We will meet again -- Epilogue |
| 511 ## - PARTICIPANT OR PERFORMER NOTE | |
| Participant or performer note | John McLaughlin, acoustic guitar ; Aighetta Quartet, acoustic guitars ; Yan Maresz, acoustic bass guitar |
| 650 ## - SUBJECT ADDED ENTRY--TOPICAL TERM | |
| Topical term or geographic name as entry element | Guitar music |
| 9 (RLIN) | 14163 |
| 700 ## - ADDED ENTRY--PERSONAL NAME | |
| 9 (RLIN) | 14154 |
| Personal name | Mclaughlin, John |
| Dates associated with a name | 1942- |
| Relator term | prf |
| 700 ## - ADDED ENTRY--PERSONAL NAME | |
| 9 (RLIN) | 14165 |
| Personal name | Aighetta Quartet |
| Relator term | prf |
| 700 ## - ADDED ENTRY--PERSONAL NAME | |
| 9 (RLIN) | 14164 |
| Personal name | Maresz, Yan |
| Relator term | prf |
| 942 ## - ADDED ENTRY ELEMENTS (KOHA) | |
| Item type | |
| Call number prefix | 787.87 EVA |
| Source of classification or shelving scheme | Dewey Decimal Classification |
| Withdrawn status | Lost status | Source of classification or shelving scheme | Damaged status | Not for loan | Location (home branch) | Sublocation or collection (holding branch) | Shelving location | Date acquired | Source of acquisition | Koha issues (times borrowed) | Koha full call number | Piece designation (barcode) | Koha date last seen | Koha date last borrowed | Koha item type |
|---|---|---|---|---|---|---|---|---|---|---|---|---|---|---|---|
| Dewey Decimal Classification | Central Library | Central Library | Second Floor | 18/10/2007 | Purchase | 1 | 787.87 EVA | 000005824 | 24/08/2022 | 21/07/2011 | CD | DVD - Sound (NB) |